000 00576cam a22002291 4500
001 sa 65002588
003 DLC
005 20260227112117.0
008 881102s1961 xx 000 0 hino
010 _asa 65002588
035 _a(OCoLC)23539171
040 _aDLC
_cMiU
_dAzU
_dDLC
042 _apremarc
043 _aa-ii---
050 0 0 _aPK1939
_b.C5
100 1 _aChaturvedi, Ramswarup,
_d1931-
245 1 0 _aĀgarā jile kī bolī.
260 _c[1961]
300 _a13, 172 p.
_c23 cm.
500 _aRomanized.
650 0 _aHindi language
_xDialects
_zIndia
_zAgra.
999 _c62709
_d62709